In chiave erotica

Shranjeno v:
Bibliografske podrobnosti
Glavni avtor: Anonimo Palatino
Format: Knjiga
Jezik:neznan ali neveljaven jezik
Izdano: Roma Newton Compton 1992
Oznake: Označite
Brez oznak, prvi označite!

MARC

LEADER 00000nam a2200000Ia 4500
001 136
003 NUMERAZIONE-ORIGINALE-BRESCIA
005 20260206230748.0
008 260206s9999 xx 000 0 und d
100 |a Anonimo Palatino  
245 0 |a In chiave erotica 
260 |a Roma 
260 |b Newton Compton 
260 |c 1992 
500 |a Scintille 
942 |2 ddc  |c BK  |n 0 
952 |0 0  |1 0  |2 ddc  |4 0  |6 24  |7 0  |9 28326  |a BS  |b BS  |d 2026-02-06  |i 136  |l 0  |o 2-4-*  |r 2026-02-06 22:40:32  |w 2026-02-06  |x [REVISIONARE]  |y BK 
999 |c 24017  |d 24017